[Event "Druzynowe Mistrzostwa Polski Juniorow 2019 - II Liga"]
[Site "Szczyrk"]
[Date "1899-12-30"]
[Round "10.28"]
[White "Wieckowski, Michal"]
[Black "Wolski, Michal"]
[Result "1-0"]
[WhiteTitle "II+"]
[BlackTitle "II"]
[WhiteElo "1383"]
[BlackElo "1454"]

1. e4 c6 2. Nf3 d5 3. Nc3 Bg4 4. h3 Bxf3 5. Qxf3 d4 6. Ne2 e5 7. Ng3 Nf6 8. Bc4
Nbd7 9. O-O Nb6 10. Bb3 Qc7 11. Qf5 Qe7 12. a4 g6 13. Qf3 O-O-O 14. d3 h6 15.
Bd2 Bg7 16. a5 Nbd7 17. Ba2 Rdf8 18. c3 Nh7 19. cxd4 exd4 20. Qe2 f5 21. exf5
Qxe2 22. Nxe2 Rxf5 23. Rac1 Rhf8 24. a6 c5 25. Ng3 R5f6 26. axb7+ Kxb7 27. b4
cxb4 28. Bxb4 Rc8 29. Rb1 Nb6 30. Ne4 Rfc6 31. Nd6+ Rxd6 32. Bxd6 Nf6 33. Rfe1
Re8 34. Bf7 Rxe1+ 35. Rxe1 g5 36. Be5 a5 37. Bxd4 Nbd7 38. Ra1 Ka6 39. Bc4+ Kb7
40. Rxa5 Nh5 41. Ra7+ Kc6 42. Ra6+ Kc7 43. Bxg7 Nxg7 44. Rxh6 Nf5 45. Rh7 Kd6
46. Kh2 Ne5 47. Rh5 Ne7 48. Rxg5 1-0

[Event "Druzynowe Mistrzostwa Polski Juniorow 2019 - II Liga"]
[Site "Szczyrk"]
[Date "1899-12-30"]
[Round "10.29"]
[White "Trzaskowska, Hanna"]
[Black "Wolszczak, Natalia"]
[Result "1-0"]
[WhiteTitle "I"]
[BlackTitle "I"]
[WhiteElo "1628"]
[BlackElo "1217"]

1. e4 c5 2. Nf3 d6 3. d4 cxd4 4. Nxd4 Nf6 5. f3 e5 6. Bb5+ Nbd7 7. Nf5 a6 8. Bxd7+
Qxd7 9. c4 Qc7 10. Ne3 Be7 11. Nc3 Be6 12. Qa4+ Qc6 13. Qxc6+ bxc6 14. Bd2 Rd8
15. O-O-O O-O 16. Kb1 Rd7 17. Bc1 Rfd8 18. Rd2 d5 19. cxd5 cxd5 20. exd5 Nxd5
21. Ncxd5 Bxd5 22. Nxd5 Rxd5 23. Rhd1 Rxd2 24. Rxd2 Rxd2 25. Bxd2 Kf8 26. Kc2
Ke8 27. Bc3 f6 28. Kb3 Kd7 29. Bb4 Bxb4 30. Kxb4 Kc6 31. Kc4 f5 32. h3 Kd6 33.
b4 Kc6 34. a4 Kd6 35. b5 axb5+ 36. axb5 e4 37. fxe4 fxe4 38. Kd4 e3 39. Kxe3 Kc5
40. Ke4 Kxb5 41. Kd5 g5 42. Ke5 h5 43. Kf5 g4 44. hxg4 hxg4 45. Kxg4 Kc6 46. Kf5
Kd7 47. Kf6 Ke8 48. Kg7 Ke7 49. g4 Ke8 50. g5 Ke7 51. g6 Ke8 52. Kg8 Ke7 53. g7
Ke8 54. Kh7 Kf7 55. g8=Q+ 1-0

[Event "Druzynowe Mistrzostwa Polski Juniorow 2019 - II Liga"]
[Site "Szczyrk"]
[Date "1899-12-30"]
[Round "10.30"]
[White "Czarkowska, Dalia"]
[Black "Moscicka, Alicja"]
[Result "1-0"]
[WhiteTitle "II+"]
[BlackTitle "II"]
[WhiteElo "1000"]
[BlackElo "1000"]

1. e4 c5 2. Nf3 e6 3. d4 cxd4 4. Nxd4 Nf6 5. Nc3 Nc6 6. a3 a6 7. Bg5 Be7 8. Be2
d5 9. Nb3 d4 10. Bxf6 Bxf6 11. Na4 O-O 12. O-O Re8 13. Nac5 b6 14. Nd3 Bb7 15.
f4 e5 16. f5 Rc8 17. Bh5 Ne7 18. Qe2 Qc7 19. Rac1 Bg5 20. Nd2 Bxd2 21. Qxd2 Bxe4
22. f6 Ng6 23. fxg7 Kxg7 24. Qe2 Bxd3 25. Qxd3 Qc5 26. b4 Qc4 27. Qf5 Qe6 28.
Qf2 Red8 29. h3 e4 30. Bg4 e3 31. Qf3 Ne5 32. Qf4 Nxg4 33. hxg4 Rc3 34. Qg5+ Qg6
35. Qxd8 e2 36. Qxd4+ Kg8 37. Qxc3 exf1=R+ 38. Rxf1 Qxg4 39. Re1 1-0

[Event "Druzynowe Mistrzostwa Polski Juniorow 2019 - II Liga"]
[Site "Szczyrk"]
[Date "1899-12-30"]
[Round "10.31"]
[White "Trybus, Daniel"]
[Black "Hrymowicz, Artur"]
[Result "1/2-1/2"]
[WhiteTitle "I++"]
[BlackTitle "I++"]
[WhiteElo "1957"]
[BlackElo "2052"]

1. Nf3 Nf6 2. g3 b6 3. Bg2 Bb7 4. O-O c5 5. d3 g6 6. e4 d6 7. Qe2 Bg7 8. Nh4 O-O
9. f4 Nc6 10. c3 b5 11. Be3 Nd7 12. Qf2 Rc8 13. d4 cxd4 14. cxd4 Nb6 15. Nc3 b4
16. Ne2 Nc4 17. Bc1 Qb6 18. Nf3 N6a5 19. e5 b3 20. Nd2 Bxg2 21. Nxc4 Rxc4 22.
Kxg2 Rc2 23. Kg1 Qb5 24. Nc3 Qc6 25. Qf3 Qxf3 26. Rxf3 dxe5 27. dxe5 bxa2 28.
Nxa2 Rd8 29. Nb4 Rc4 30. Rxa5 Rxc1+ 31. Rf1 Rc4 32. Na2 Rd7 33. Nc3 Rb7 34. Ra2
f6 35. exf6 Bxf6 36. Rfa1 Kf7 37. Kh1 Bd4 38. Ra4 Rbb4 39. Rxb4 Rxb4 40. Ra2 Ke6
41. Kg2 Kd6 42. Kf3 Bb6 43. Na4 Bg1 44. Nc3 Bb6 45. Na4 Bd4 46. Nc3 Kc6 47. Ra6+
Bb6 48. Ra2 Bd4 49. Ra6+ Bb6 50. Ra2 e6 51. Na4 Bd4 52. Nc3 Kb6 53. Kg4 h6 54.
Ra1 Bxc3 55. bxc3 Rc4 56. Rb1+ Kc6 57. Re1 Kd6 58. Rd1+ Ke7 59. Ra1 Rc7 60. c4
Kf6 61. Ra4 Ke7 62. c5 Rxc5 63. Rxa7+ 1/2-1/2

[Event "Druzynowe Mistrzostwa Polski Juniorow 2019 - II Liga"]
[Site "Szczyrk"]
[Date "1899-12-30"]
[Round "10.32"]
[White "Jordan, Adam"]
[Black "Lendzion, Kamil"]
[Result "1/2-1/2"]
[WhiteTitle "I+"]
[BlackTitle "I"]
[WhiteElo "1974"]
[BlackElo "1795"]

1. d4 d5 2. Nf3 Nf6 3. e3 Bf5 4. Bd3 Bxd3 5. Qxd3 c6 6. O-O Ne4 7. Nbd2 Nxd2 8.
Bxd2 e6 9. Ne5 Nd7 10. Nxd7 Qxd7 11. c4 dxc4 12. Qxc4 Qd5 13. Qxd5 cxd5 14. Rfc1
Bd6 15. g3 Kd7 16. Kf1 Rhc8 17. Ke2 f5 18. f4 Rxc1 19. Rxc1 Rc8 20. Rxc8 Kxc8
21. Kd3 Kc7 22. Kc3 b5 23. Kb3 Kb6 24. Bb4 Bxb4 25. Kxb4 a5+ 26. Kc3 Kc6 27. a3
h6 28. h4 g6 29. b3 h5 30. a4 bxa4 31. bxa4 Kb6 1/2-1/2

[Event "Druzynowe Mistrzostwa Polski Juniorow 2019 - II Liga"]
[Site "Szczyrk"]
[Date "1899-12-30"]
[Round "10.33"]
[White "Pazdzierz, Piotr"]
[Black "Taranowicz, Michal"]
[Result "0-1"]
[WhiteTitle "I"]
[BlackTitle "I"]
[WhiteElo "1722"]
[BlackElo "1630"]

1. c4 Nf6 2. Nf3 e6 3. g3 d5 4. Bg2 Bd6 5. O-O O-O 6. b3 c6 7. Bb2 Nbd7 8. d4 Re8
9. Nbd2 Ne4 10. Nxe4 dxe4 11. Nd2 f5 12. e3 e5 13. Qc2 Qg5 14. Rfe1 exd4 15. exd4
Nf6 16. Bc1 Qh5 17. Nf1 Bd7 18. Qe2 Qg6 19. Bd2 h5 20. h4 f4 21. Bxf4 Bxf4 22.
gxf4 Bg4 23. Qd2 Bf3 24. Ng3 Qg4 25. Qe3 Bxg2 26. Kxg2 Qxh4 27. Rh1 Qg4 28. Qe2
Qxf4 29. Nxh5 Qg5+ 30. Ng3 e3 31. f3 g6 32. Qe1 Nh5 33. Rd1 e2 34. Rb1 Nf4+ 35.
Kh2 Kg7 0-1

[Event "Druzynowe Mistrzostwa Polski Juniorow 2019 - II Liga"]
[Site "Szczyrk"]
[Date "1899-12-30"]
[Round "10.34"]
[White "Kitewski, Bartosz"]
[Black "Mocko, Maciej"]
[Result "1-0"]
[WhiteTitle "II"]
[BlackTitle "II"]
[WhiteElo "1447"]
[BlackElo "1385"]

1. d4 f5 2. Nf3 Nf6 3. c4 g6 4. Nc3 Bg7 5. g3 d6 6. Bg2 O-O 7. O-O c6 8. Bg5 Kh8
9. Qd2 Qe8 10. Bh6 e5 11. Bxg7+ Kxg7 12. e3 e4 13. Ne1 Be6 14. Qe2 Qf7 15. b3
Na6 16. Nc2 Kh8 17. Rfd1 Nc7 18. Rac1 Rg8 19. Na3 Rg7 20. b4 Rag8 21. Qb2 g5 22.
b5 d5 23. bxc6 bxc6 24. Qb7 f4 25. cxd5 cxd5 26. Ncb5 Qh5 27. Qc6 Bg4 28. Qxf6
Nxb5 29. Nxb5 Bxd1 30. Nd6 Qg6 31. Qxg6 Rxg6 32. Nf7+ Kg7 33. Ne5 Rb6 34. Rxd1
f3 35. Bf1 Rb2 36. Rc1 Rgb8 37. h4 gxh4 38. gxh4 Rb1 39. Rxb1 Rxb1 40. Nc6 a6
41. a3 Ra1 42. Nb4 Rxa3 43. Nxa6 Kf6 44. Nc7 Ra5 45. Kh2 Ke7 46. Bh3 Kd6 47. Ne8+
Ke7 48. Ng7 Ra2 49. Kg3 Kf6 50. Ne6 Ke7 51. Nf4 Kd6 52. Be6 Ra1 53. Bxd5 Rg1+
54. Kh2 Rf1 55. Bxe4 Rxf2+ 56. Kg3 Ra2 57. Kxf3 Rh2 58. Kg3 Ra2 59. Bxh7 Ra3 60.
Kf3 Ke7 61. h5 Kf6 62. Ke4 Ra7 63. Bg6 Re7+ 64. Kf3 Kg5 65. Nd3 Rd7 66. Ne5 Ra7
67. Ke4 Ra4 68. Nc6 Kf6 69. Kd5 Ra3 70. e4 Kg7 71. e5 Kf8 72. e6 Re3 73. e7+ Rxe7
74. Nxe7 Kxe7 75. Kc6 Kf6 76. d5 Kg7 77. d6 Kf6 78. d7 Kg7 79. d8=Q Kh6 80. Kd6
Kg7 81. Ke5 Kh6 82. Kf4 Kg7 83. Kf5 Kh6 84. Qh8# 1-0

[Event "Druzynowe Mistrzostwa Polski Juniorow 2019 - II Liga"]
[Site "Szczyrk"]
[Date "1899-12-30"]
[Round "10.35"]
[White "Libura, Julianna"]
[Black "Bohdanowicz, Nikola"]
[Result "1/2-1/2"]
[WhiteTitle "I"]
[BlackTitle "I"]
[WhiteElo "1591"]
[BlackElo "1266"]

1. d4 d5 2. Nf3 e6 3. c4 c6 4. e3 Nf6 5. Nc3 Nbd7 6. Bd3 dxc4 7. Bxc4 b5 8. Bd3
a6 9. O-O Bb7 10. b3 Be7 11. Bb2 O-O 12. Qe2 c5 13. Rfd1 Qb6 14. Rac1 Rfd8 15.
dxc5 Nxc5 16. Bb1 Rac8 17. b4 Nce4 18. Nxe4 Bxe4 19. Rxd8+ Rxd8 20. Bxe4 Nxe4
21. Bd4 Qb7 22. a3 Rc8 23. Qb2 Bf6 24. Bxf6 Nxf6 25. h3 h6 26. Nd4 Ne4 27. Rxc8+
Qxc8 28. Qc2 Qxc2 29. Nxc2 Nd2 30. f3 Kf8 31. Kf2 1/2-1/2

[Event "Druzynowe Mistrzostwa Polski Juniorow 2019 - II Liga"]
[Site "Szczyrk"]
[Date "1899-12-30"]
[Round "10.36"]
[White "Filipiak, Magdalena"]
[Black "Anyz, Monika"]
[Result "0-1"]
[WhiteTitle "I"]
[BlackTitle "I+"]
[WhiteElo "1168"]
[BlackElo "1404"]

1. e4 c5 2. Nf3 Nc6 3. d4 cxd4 4. Nxd4 g6 5. Nc3 Bg7 6. Be3 Nf6 7. f3 O-O 8. Bc4
Qb6 9. Bb3 Nxe4 10. Nf5 Nxc3 11. Nxg7 Qxe3+ 12. Kf1 Nxd1 13. Rxd1 Kxg7 0-1

[Event "Druzynowe Mistrzostwa Polski Juniorow 2019 - II Liga"]
[Site "Szczyrk"]
[Date "1899-12-30"]
[Round "10.37"]
[White "Sulima, Franciszek"]
[Black "Lichorad, Mateusz"]
[Result "1/2-1/2"]
[WhiteTitle "II"]
[BlackTitle "I"]
[WhiteElo "1357"]
[BlackElo "1801"]

1. e4 c5 2. Nf3 e6 3. d4 cxd4 4. Nxd4 Nc6 5. Nb5 d6 6. c4 Nf6 7. N1c3 a6 8. Na3
Be7 9. Be3 Nd7 10. Be2 O-O 11. O-O b6 12. Qd2 Bb7 13. Rfd1 Rc8 14. Rac1 Re8 15.
f3 Nc5 16. Bf4 e5 17. Be3 Ne6 18. Nd5 Ncd4 19. Bf1 Bg5 20. Bxg5 Nxg5 21. Qf2 Nge6
22. Nc2 Nxc2 23. Rxc2 Nd4 24. Rc3 Bxd5 25. cxd5 a5 26. Rdc1 Rc5 27. Qd2 Qc7 28.
Bd3 Qa7 29. Kf1 Rec8 30. Ke1 g6 31. h4 Qe7 32. Qg5 f6 33. Qg4 R8c7 1/2-1/2

[Event "Druzynowe Mistrzostwa Polski Juniorow 2019 - II Liga"]
[Site "Szczyrk"]
[Date "1899-12-30"]
[Round "10.38"]
[White "Kupiecki, Szymon"]
[Black "Trzebinski, Patryk"]
[Result "1-0"]
[WhiteTitle "I"]
[BlackTitle "I"]
[WhiteElo "1573"]
[BlackElo "1679"]

1. e4 d5 2. exd5 Nf6 3. Nf3 Nxd5 4. d4 Bg4 5. Be2 e6 6. O-O Be7 7. h3 Bxf3 8. Bxf3
Nc6 9. Re1 O-O 10. c3 Bf6 11. Nd2 e5 12. dxe5 Nxe5 13. Ne4 c6 14. Nxf6+ Qxf6 15.
Bxd5 Rad8 16. Bxf7+ Rxf7 17. Qc2 Nd3 18. Rd1 Nxf2 19. Rxd8+ Qxd8 20. Be3 Nxh3+
21. gxh3 Rf3 22. Qe4 Qf8 23. Kg2 Rf6 24. Re1 Rg6+ 25. Kh2 Rd6 26. Bf4 Rf6 27.
Bg3 Kf7 28. Qc4+ Kg6 29. Qg4+ Kf7 30. Qd7+ Kg6 31. Qe8+ Qxe8 32. Rxe8 Rf1 33.
Re7 Ra1 34. a3 b6 35. c4 Rc1 36. Be5 Rxc4 37. Rxa7 b5 38. Bc3 c5 39. Rxg7+ Kh6
40. Rb7 b4 41. axb4 cxb4 42. Rxb4 Rc5 43. Rg4 Kh5 44. Kg3 h6 45. Ra4 1-0

[Event "Druzynowe Mistrzostwa Polski Juniorow 2019 - II Liga"]
[Site "Szczyrk"]
[Date "1899-12-30"]
[Round "10.39"]
[White "Malinowski, Szymon"]
[Black "Krawczyk, Flawian"]
[Result "1-0"]
[WhiteTitle "I"]
[BlackTitle "I"]
[WhiteElo "1657"]
[BlackElo "1848"]

1. d4 Nf6 2. Nf3 g6 3. Bg5 Bg7 4. Nbd2 d6 5. e4 O-O 6. Bc4 Nbd7 7. O-O a6 8. c3
b5 9. Bb3 c5 10. e5 Ne8 11. e6 fxe6 12. Bxe6+ Kh8 13. Re1 Bf6 14. Bh6 Ng7 15.
Bd5 Rb8 16. Ng5 Bxg5 17. Bxg5 Nf6 18. Bxf6 exf6 19. dxc5 dxc5 20. Ne4 Qb6 21.
Qf3 Bf5 22. Ng3 Rbe8 23. h4 Be6 24. h5 Bxd5 25. Qxd5 Nxh5 26. Nxh5 gxh5 27. Qxh5
Qc6 28. Rad1 c4 29. Qf5 Rg8 30. g3 Rxe1+ 31. Rxe1 Rg5 32. Qe6 Qxe6 33. Rxe6 a5
34. Rxf6 Rd5 35. Rb6 a4 36. a3 Kg8 37. Kg2 Kf8 38. Kf3 Ke8 39. Ke4 Rc5 40. f4
Kd8 41. g4 Kc7 42. Rh6 b4 43. axb4 Rb5 44. Rxh7+ Kb6 45. Kd4 a3 46. bxa3 Ka6 47.
Kxc4 Rb8 48. Rf7 Re8 49. a4 Ra8 50. b5+ Ka5 51. Kb3 Re8 52. Rf6 Re6 53. g5 Rd6
54. Rf8 Rg6 55. Ra8+ Kb6 56. Ra6+ 1-0

[Event "Druzynowe Mistrzostwa Polski Juniorow 2019 - II Liga"]
[Site "Szczyrk"]
[Date "1899-12-30"]
[Round "10.40"]
[White "Chmiel, Pawel"]
[Black "Dembicki, Karol"]
[Result "1-0"]
[WhiteTitle "II"]
[BlackTitle "II"]
[WhiteElo "1367"]
[BlackElo "1397"]

1. e4 c5 2. Nf3 e6 3. d4 cxd4 4. Nxd4 Nf6 5. Nc3 d6 6. Bc4 a6 7. Be3 Be7 8. Qe2
O-O 9. O-O-O b5 10. Bb3 Bb7 11. f3 Nbd7 12. g4 Ne5 13. g5 Nfd7 14. h4 Nc5 15.
h5 b4 16. Na4 Nxa4 17. Bxa4 d5 18. f4 Nc4 19. Nc6 Bxc6 20. Bxc6 Qa5 21. Kb1 Rad8
22. exd5 exd5 23. Bd4 Bd6 24. h6 g6 25. Bg7 Bxf4 26. Bxf8 Kxf8 27. Rhe1 Ne3 28.
Qf3 Nxd1 29. Qxf4 b3 30. Qd6+ Kg8 31. Qf6 Nc3+ 32. Qxc3 Qxa2+ 33. Kc1 d4 34. Qxb3
Qa1+ 35. Kd2 Qa5+ 36. Kd1 Qxg5 37. Qd5 Qg4+ 38. Kc1 Qf4+ 39. Kb1 Qf6 40. Qxd8+
Qxd8 41. Re8+ Qxe8 42. Bxe8 f5 43. b4 g5 44. Kc1 f4 45. Bh5 Kf8 46. Kd2 Ke7 47.
Kd3 Kf6 48. Kxd4 Kf5 49. c4 g4 50. c5 f3 51. Ke3 Kg5 52. Bxg4 Kxg4 53. Kf2 Kf5
54. Kxf3 Ke5 55. Kg4 Kf6 56. Kf4 Ke6 57. Kg5 Kf7 58. Kf5 1-0

[Event "Druzynowe Mistrzostwa Polski Juniorow 2019 - II Liga"]
[Site "Szczyrk"]
[Date "1899-12-30"]
[Round "10.41"]
[White "Filipska, Maja"]
[Black "Kulpa, Zuzanna"]
[Result "0-1"]
[WhiteTitle "I++"]
[BlackTitle "I++"]
[WhiteElo "1602"]
[BlackElo "1802"]

1. e4 e5 2. d4 exd4 3. Bc4 Nc6 4. Nf3 Bc5 5. O-O d6 6. c3 Bg4 7. cxd4 Nxd4 8. Nbd2
Nf6 9. h3 Bh5 10. Be2 Nxe2+ 11. Qxe2 O-O 12. Qb5 Bb6 13. b3 Bg6 14. Re1 Re8 15.
Qb4 d5 16. e5 Ne4 17. Nxe4 dxe4 18. Nd2 Qd4 19. Qxd4 Bxd4 20. Rb1 e3 21. fxe3
Bxe5 22. e4 f5 23. Nf3 Bg3 24. Re2 fxe4 25. Nd4 e3 26. Rbb2 Bf2+ 27. Rxf2 exf2+
28. Kxf2 c6 29. Be3 Re4 30. Rd2 Rae8 31. Nc2 R4e6 32. Bf4 Bxc2 33. Rxc2 Rf8 34.
Kg3 Rg6+ 35. Kf3 Rgf6 0-1

[Event "Druzynowe Mistrzostwa Polski Juniorow 2019 - II Liga"]
[Site "Szczyrk"]
[Date "1899-12-30"]
[Round "10.42"]
[White "Kulpa, Karolina"]
[Black "Skolska, Emilia"]
[Result "1-0"]
[WhiteTitle "I"]
[BlackTitle "I"]
[WhiteElo "1273"]
[BlackElo "1359"]

1. d4 Nf6 2. c4 e5 3. dxe5 Ng4 4. Bf4 Nc6 5. Nf3 Bb4+ 6. Nbd2 Qe7 7. e3 Ngxe5 8.
Be2 Bxd2+ 9. Qxd2 d6 10. h3 a5 11. O-O O-O 12. Rfc1 Rd8 13. Qc3 f6 14. Nxe5 fxe5
15. Bg3 Bf5 16. Rd1 Rf8 17. Rac1 Rad8 18. Qb3 b6 19. c5+ Be6 20. Bc4 Rfe8 21.
cxb6 1-0

[Event "Druzynowe Mistrzostwa Polski Juniorow 2019 - II Liga"]
[Site "Szczyrk"]
[Date "1899-12-30"]
[Round "10.43"]
[White "Tustanowski, Mateusz"]
[Black "Gorkiewicz, Mateusz"]
[Result "1/2-1/2"]
[WhiteTitle "I++"]
[BlackTitle "I"]
[WhiteElo "1948"]
[BlackElo "1985"]

1. e4 e5 2. Nf3 Nf6 3. Nxe5 d6 4. Nf3 Nxe4 5. Nc3 Nxc3 6. dxc3 Be7 7. Be3 Nc6 8.
Qd2 Be6 9. Nd4 Nxd4 10. cxd4 d5 11. Bd3 Qd7 12. Bf4 O-O-O 13. O-O-O Bd6 14. Bxd6
Qxd6 15. h3 h6 16. Kb1 Rhe8 17. Rhe1 Re7 18. Re2 Rde8 19. Rde1 Bd7 20. Rxe7 Rxe7
21. Rxe7 Qxe7 22. Qe3 Qxe3 23. fxe3 f5 24. Kc1 Kd8 25. Kd2 Ke7 26. h4 Kf6 27.
Ke2 Be8 28. Kf3 Bh5+ 29. Kf4 g5+ 30. hxg5+ hxg5+ 1/2-1/2

[Event "Druzynowe Mistrzostwa Polski Juniorow 2019 - II Liga"]
[Site "Szczyrk"]
[Date "1899-12-30"]
[Round "10.44"]
[White "Lambrecht, Tomasz"]
[Black "Kukula, Karol"]
[Result "1-0"]
[WhiteTitle "II+"]
[BlackTitle "I"]
[WhiteElo "1601"]
[BlackElo "1770"]

1. e4 c5 2. Nc3 a6 3. f4 b5 4. d3 Bb7 5. Nf3 d6 6. g3 g6 7. Bg2 Bg7 8. O-O Nc6
9. Ne2 Nf6 10. h3 Rc8 11. g4 Nd7 12. c3 Na5 13. Ng3 Qc7 14. Qe1 Nc6 15. Qf2 b4
16. c4 Nd4 17. Nxd4 Bxd4 18. Be3 Bg7 19. Rad1 a5 20. h4 Nf6 21. Bh3 Rd8 22. f5
Rf8 23. Kg2 Bc8 24. Qd2 Bd7 25. Bh6 Bxh6 26. Qxh6 Bc6 27. g5 Nh5 28. Nxh5 gxh5
29. Qxh7 Bd7 30. g6 fxg6 31. Qxg6+ Rf7 32. Qg8+ Rf8 33. Qg6+ Rf7 34. Qxh5 d5 35.
exd5 Qe5 36. Rf2 Kf8 37. Rg1 Rg7+ 38. Kf1 Rxg1+ 39. Kxg1 Qg3+ 40. Rg2 Qe1+ 41.
Kh2 Qe5+ 42. Rg3 Be8 43. Qh6+ Kf7 44. Qg6+ 1-0

[Event "Druzynowe Mistrzostwa Polski Juniorow 2019 - II Liga"]
[Site "Szczyrk"]
[Date "1899-12-30"]
[Round "10.45"]
[White "Pisarek, Jan"]
[Black "Kolodziejski, Piotr"]
[Result "1/2-1/2"]
[WhiteTitle "I"]
[BlackTitle "I"]
[WhiteElo "1616"]
[BlackElo "1666"]

1. e4 c5 2. Nf3 e6 3. d4 cxd4 4. Nxd4 Nc6 5. Nc3 Qc7 6. g3 a6 7. Bg2 Bb4 8. O-O
Nge7 9. Nxc6 Nxc6 10. f4 d6 11. Be3 Bxc3 12. bxc3 O-O 13. f5 f6 14. Bd4 Nxd4 15.
cxd4 e5 16. dxe5 dxe5 17. Qd5+ Rf7 18. Rfd1 Bd7 19. Qb3 Rc8 20. Rac1 Bb5 21. Bf1
Bxf1 22. Rxf1 Qc5+ 23. Kg2 Qc4 24. Qxc4 Rxc4 25. Rfe1 Rfc7 26. Re2 Kf8 27. Kf2
Rc3 28. Ke1 Ke7 29. Kd2 Ra3 30. Ra1 Rd7+ 31. Kc1 b5 32. Kb2 b4 33. Rae1 Rc3 34.
Re3 Rc4 35. R1e2 Rdd4 36. a3 Kd6 37. axb4 Rxb4+ 38. Kc1 Rbc4 39. c3 Kc5 40. Kc2
Rd7 41. Rd3 Rb7 42. Rd5+ Kc6 1/2-1/2

[Event "Druzynowe Mistrzostwa Polski Juniorow 2019 - II Liga"]
[Site "Szczyrk"]
[Date "1899-12-30"]
[Round "10.46"]
[White "Musin, Pawel"]
[Black "Duda, Leon"]
[Result "0-1"]
[WhiteTitle "II"]
[BlackTitle "II"]
[WhiteElo "1181"]
[BlackElo "1272"]

1. e4 c5 2. Nf3 d6 3. d4 cxd4 4. Nxd4 Nf6 5. Nc3 g6 6. Be3 Bg7 7. Be2 Nc6 8. O-O
O-O 9. Nb3 Ne5 10. h3 Be6 11. f3 Nc4 12. Bxc4 Bxc4 13. Re1 b6 14. Nd4 Rc8 15.
Ncb5 Bxb5 16. Nxb5 a6 17. Nd4 Nd7 18. c3 Ne5 19. Qb3 Nc4 20. Bf2 Qd7 21. Rad1
b5 22. Nc2 Kh8 23. Ne3 Rfd8 24. Nxc4 Rxc4 25. Rd3 f5 26. e5 Qc6 27. exd6 Rxd6
28. Rxd6 Qxd6 29. Rd1 Qc7 30. Qa3 Ra4 31. Qb3 Rc4 32. Re1 e5 33. Qa3 Ra4 34. Qb3
Qc4 35. Qxc4 bxc4 36. a3 Ra5 37. Rd1 Bf6 38. Rd6 Kg7 39. Rc6 Rb5 40. Rxc4 Rxb2
41. Rc7+ Kh6 42. Rc6 Bg5 43. h4 Bf4 44. Rb6 Rc2 45. g3 Bd2 46. Re6 Rxc3 47. Rxe5
Rxa3 48. Re2 Bb4 49. Kg2 a5 50. Be3+ Kg7 51. g4 fxg4 52. fxg4 Rd3 53. h5 Rd6 54.
hxg6 hxg6 55. Bf4 Ra6 56. Bd2 Bxd2 57. Rxd2 a4 58. Ra2 a3 59. Kg3 Kf6 60. Kf3
Kg5 61. Kg3 Ra4 62. Kh3 Kf4 63. Kh4 Ke3 64. Kg5 Kd3 65. Kf6 Kc3 66. g5 Ra6+ 67.
Kg7 Kb3 68. Ra1 Kb2 69. Rh1 Rc6 70. Rh2+ Rc2 71. Rxc2+ Kxc2 72. Kxg6 a2 73. Kh7
a1=Q 74. g6 Qh1+ 75. Kg8 Kd3 76. g7 Ke4 77. Kf7 Qf3+ 78. Ke7 Qa3+ 79. Kf7 Qa7+
80. Kf8 Qb8+ 81. Kf7 Qc7+ 82. Kf8 Qf4+ 83. Ke7 Qg5+ 84. Kf7 Qf5+ 85. Ke7 Qg6 86.
Kf8 Qf6+ 87. Kg8 Kf5 88. Kh8 Qh6+ 89. Kg8 Kf6 90. Kf8 Qxg7+ 91. Ke8 Qe7# 0-1

[Event "Druzynowe Mistrzostwa Polski Juniorow 2019 - II Liga"]
[Site "Szczyrk"]
[Date "1899-12-30"]
[Round "10.47"]
[White "Pisarek, Elzbieta"]
[Black "Karlyk, Maria"]
[Result "1-0"]
[WhiteTitle "I"]
[BlackTitle "I"]
[WhiteElo "1605"]
[BlackElo "1703"]

1. e4 c5 2. Nf3 d6 3. Bb5+ Bd7 4. Bxd7+ Qxd7 5. O-O Nc6 6. c3 Nf6 7. Re1 e6 8.
d4 cxd4 9. cxd4 Be7 10. Nc3 O-O 11. d5 Ne5 12. Bg5 Nxf3+ 13. Qxf3 Nxd5 14. exd5
Bxg5 15. Qg4 Bd2 16. dxe6 fxe6 17. Qxe6+ Qxe6 18. Rxe6 Bxc3 19. bxc3 Rac8 20.
Re3 Rc6 21. Rb1 b6 22. g3 Rfc8 23. Rb3 Kf7 24. Kg2 R8c7 25. Kf3 Rc4 26. Ra3 a5
27. Rb3 R7c6 28. a3 a4 29. Rb4 Rxb4 30. cxb4 Rc2 31. h4 Rb2 32. g4 Rb3 33. Ke4
Rxe3+ 34. Kxe3 Ke6 35. Ke4 g6 36. f3 h6 37. f4 d5+ 38. Kd4 h5 39. gxh5 gxh5 40.
b5 Kf5 41. Kxd5 Kxf4 42. Kc6 Kg4 43. Kxb6 Kxh4 1-0

[Event "Druzynowe Mistrzostwa Polski Juniorow 2019 - II Liga"]
[Site "Szczyrk"]
[Date "1899-12-30"]
[Round "10.48"]
[White "Krzyston, Katarzyna"]
[Black "Bialek, Alicja"]
[Result "0-1"]
[WhiteTitle "II"]
[BlackTitle "I"]
[WhiteElo "1000"]
[BlackElo "1367"]

1. e4 c5 2. Nf3 d6 3. d4 cxd4 4. Nxd4 Nf6 5. Nc3 g6 6. Be2 Nc6 7. O-O Bg7 8. Nb3
O-O 9. Bg5 Be6 10. Re1 Qd7 11. Bf1 h6 12. Bh4 g5 13. Bg3 h5 14. h4 gxh4 15. Bxh4
Ng4 16. f3 Nh6 17. Nd5 Bxd5 18. Qxd5 Bxb2 19. Qg5+ Kh7 20. Rab1 Rg8 21. Qxh5 Be5
22. Bg5 Rg6 23. Bxh6 Rxh6 24. Qxf7+ Kh8 25. f4 Bf6 26. Bb5 Rg8 27. f5 Qc7 28.
Bxc6 Qb6+ 29. Kf1 Rh1+ 30. Ke2 Rxg2+ 31. Kd1 Rxe1+ 32. Kxe1 Qf2+ 33. Kd1 Rg1#
0-1

[Event "Druzynowe Mistrzostwa Polski Juniorow 2019 - II Liga"]
[Site "Szczyrk"]
[Date "1899-12-30"]
[Round "10.49"]
[White "Rudzinska, Michalina"]
[Black "Rozek, Michal"]
[Result "1-0"]
[WhiteTitle "WFM"]
[BlackTitle "II"]
[WhiteElo "2143"]
[BlackElo "1321"]

1. e4 d5 2. exd5 Nf6 3. Be2 Nxd5 4. d4 c5 5. Nf3 Nc6 6. c4 Nf6 7. d5 Nb8 8. O-O
e6 9. Nc3 exd5 10. cxd5 Bd6 11. Bb5+ Bd7 12. Re1+ Kf8 13. Bg5 h6 14. Bxf6 gxf6
15. Bxd7 Nxd7 16. Ne4 Qc7 17. g3 Re8 18. Nh4 Be5 19. Rb1 b6 20. Nf5 a6 21. Qg4
Rg8 22. Qh5 Rg6 23. Nh4 Rg7 24. Kh1 Kg8 25. Nf5 Rg6 26. Nxh6+ Kg7 27. Nf5+ Kg8
28. Ned6 Re7 29. Nxe7+ 1-0

[Event "Druzynowe Mistrzostwa Polski Juniorow 2019 - II Liga"]
[Site "Szczyrk"]
[Date "1899-12-30"]
[Round "10.50"]
[White "Gardian, Adam"]
[Black "Wierzbicki, Michal"]
[Result "1/2-1/2"]
[WhiteTitle "I"]
[BlackTitle "I+"]
[WhiteElo "1770"]
[BlackElo "2007"]

1. d4 Nf6 2. Nf3 e6 3. e3 b6 4. Bd3 Bb7 5. O-O Be7 6. Nbd2 c5 7. c4 Nc6 8. b3 Qc7
9. Bb2 d6 10. Qe2 O-O-O 11. Rfd1 Kb8 12. Rac1 h6 13. e4 e5 14. d5 Nb4 15. a3 Nxd3
16. Qxd3 Nh5 17. b4 Nf4 18. Qf1 Bc8 19. Ne1 g5 20. Nd3 Ng6 21. Ra1 f5 22. a4 fxe4
23. Nxe4 Bf5 24. Ng3 Rhf8 25. a5 e4 26. axb6 axb6 27. bxc5 dxc5 28. Ne1 e3 29.
f3 Bd6 30. Ra6 Bc8 31. Ra3 Rde8 32. Rdd3 e2 33. Qf2 h5 34. Re3 h4 35. Nxe2 Bxh2+
36. Kf1 Rxe3 37. Qxe3 Be5 1/2-1/2

[Event "Druzynowe Mistrzostwa Polski Juniorow 2019 - II Liga"]
[Site "Szczyrk"]
[Date "1899-12-30"]
[Round "10.51"]
[White "Czarniecki, Pawel"]
[Black "Kubica, Dominik"]
[Result "1/2-1/2"]
[WhiteTitle "II"]
[BlackTitle "II+"]
[WhiteElo "1508"]
[BlackElo "1438"]

1. d4 d5 2. Bg5 Bf5 3. e3 h6 4. Bh4 Nd7 5. Bd3 Bxd3 6. Qxd3 Ngf6 7. Nd2 e6 8. f4
c5 9. c3 Be7 10. Ngf3 O-O 11. Ne5 a6 12. O-O Rc8 13. Rae1 b5 14. a3 Nb6 15. Kh1
Na4 16. Qb1 Nd7 17. Bxe7 Qxe7 18. Ndf3 Nf6 19. Nd2 c4 20. Rf3 a5 21. Qc2 Nb6 22.
h4 h5 23. Rh3 Ng4 24. Ndf3 Rfe8 25. Nh2 f5 26. Nhxg4 hxg4 27. Rh2 Rc7 28. g3 Ra8
29. Kg2 b4 30. axb4 axb4 31. h5 bxc3 32. Qxc3 Qe8 33. Reh1 Rb7 34. Qb4 Rab8 35.
h6 g6 36. h7+ Kh8 37. Qf8+ Qxf8 38. Nxg6+ Kg7 39. Nxf8 Rxf8 40. h8=Q+ Rxh8 41.
Rxh8 Nd7 42. R8h7+ Kg8 43. R7h2 Rxb2+ 44. Kf1 Rxh2 45. Rxh2 Nf6 46. Ra2 Ne4 47.
Kg2 Kf7 48. Ra7+ Kf6 49. Rc7 Nd2 50. Kf2 Ne4+ 51. Kg2 Nd2 52. Kf2 1/2-1/2

[Event "Druzynowe Mistrzostwa Polski Juniorow 2019 - II Liga"]
[Site "Szczyrk"]
[Date "1899-12-30"]
[Round "10.52"]
[White "Zaborski, Igor"]
[Black "Pieczulis, Blazej"]
[Result "0-1"]
[WhiteTitle "II"]
[BlackTitle "I"]
[WhiteElo "1372"]
[BlackElo "1480"]

1. d4 Nf6 2. Nf3 e6 3. e3 c5 4. Bd3 d5 5. b3 b6 6. Bb2 Bb7 7. Nbd2 Bd6 8. O-O O-O
9. Ne5 Ne4 10. f4 Nd7 11. Bxe4 dxe4 12. Qg4 f5 13. Qg3 cxd4 14. Bxd4 Nxe5 15.
fxe5 Bc5 16. c3 Bxd4 17. cxd4 Ba6 18. Nc4 Qd5 19. Rfc1 h6 20. Qf2 g5 21. g3 Rad8
22. Nd6 f4 23. gxf4 Rd7 24. Rc3 Rg7 25. f5 exf5 26. h3 f4 27. Kh2 h5 28. Rg1 f3
29. Rcc1 Kh8 30. Rg3 Rfg8 31. Rcg1 Bd3 32. Rc1 Qe6 33. Rgg1 g4 34. hxg4 hxg4 35.
Kg3 Rh7 36. Rh1 Rh3+ 37. Rxh3+ gxh3+ 38. Kf4 Qg4# 0-1